The impact of the recession on construction professionals (Record no. 110567)

MARC details
000 -LEADER
fixed length control field 01019cam a22002295a 4500
001 - CONTROL NUMBER
control field L149630
008 - FIXED-LENGTH DATA ELEMENTS--GENERAL INFORMATION
fixed length control field 100329s2010 xxk f 000 0 eng d
035 ## - SYSTEM CONTROL NUMBER
System control number (Sirsi) u149630
041 0# - LANGUAGE CODE
Language code of text/sound track or separate title eng
050 04 - LIBRARY OF CONGRESS CALL NUMBER
Classification number 338.4569 $2 18
110 2# - MAIN ENTRY--CORPORATE NAME
Corporate name or jurisdiction name as entry element Construction Industry Council
9 (RLIN) 2417
245 04 - TITLE STATEMENT
Title The impact of the recession on construction professionals
Remainder of title a view from the front line
Medium [electronic resource]
260 ## - PUBLICATION, DISTRIBUTION, ETC.
Place of publication, distribution, etc. London
Name of publisher, distributor, etc. CIC
Date of publication, distribution, etc. 2010
520 ## - SUMMARY, ETC.
Summary, etc. Research compiled during the second half of 2009; quantitative and qualitative analysis of the impact of the recession on the current and future size and nature of the workforce and skills requirements; firms' responses to the recession; emerging new skill requirements.
590 ## - LOCAL NOTE (RLIN)
Local note KA
590 ## - LOCAL NOTE (RLIN)
Local note NTK
651 #4 - SUBJECT ADDED ENTRY--GEOGRAPHIC NAME
Geographic name United Kingdom
Chronological subdivision
690 ## - LOCAL SUBJECT ADDED ENTRY--TOPICAL TERM (OCLC, RLIN)
Topical term or geographic name as entry element BUILT ENVIRONMENT
710 1# - ADDED ENTRY--CORPORATE NAME
Corporate name or jurisdiction name as entry element ConstructionSkills
9 (RLIN) 5077
856 48 - ELECTRONIC LOCATION AND ACCESS
Uniform Resource Identifier <a href="https://www.cic.org.uk/newsevents/ImpactRecessionProfessionals-FrontLine.pdf">https://www.cic.org.uk/newsevents/ImpactRecessionProfessionals-FrontLine.pdf</a>
Public note View this item free of charge at www.cic.org.uk
942 ## - ADDED ENTRY ELEMENTS (KOHA)
Suppress in OPAC 0
Holdings
Withdrawn status Lost status Source of classification or shelving scheme Damaged status Not for loan Home library Current library Shelving location Date acquired Total Checkouts Full call number Barcode Date last seen Copy number Price effective from Koha item type
    Dewey Decimal Classification     Virtual Virtual Online 29/03/2010   ONLINE PUBLICATION 149630-1001 06/08/2019 1 06/08/2019 Book